| 000 | 01448nas a2200277Ia 4500 | ||
|---|---|---|---|
| 001 | R235-R2340 | ||
| 003 | IT-CnALBA | ||
| 008 | 170116c99999999xx |||||||||||| ||und|| | ||
| 040 |
_aIT-CnALBA _cIT-CnALBA |
||
| 041 | _aFRANCESE | ||
| 100 | _aROSCHINI P. GABRIELE, OSM. | ||
| 210 | _aLA VIERGE AU CONCILE | ||
| 222 | _aLA VIERGE AU CONCILE | ||
| 245 | 0 | _aLA VIERGE AU CONCILE DI R. LAURENTIN. | |
| 250 | _a1a ed. | ||
| 260 |
_a ROVIGO _bISTITUTO PADANO ARTI GRAFICHE _c1965 [1° Ed.:1965 - Ed.Ling.Originale: 1965] |
||
| 300 | _a10 p. | ||
| 310 | _aVARIA | ||
| 362 | _a (1965) | ||
| 500 | _aOPUSCOLO ESTRATTO DA PALESTRA DEL CLERO N. XXI, NOVEMBRE 1965. ECUMENISMO FACILE. MADONNA DA MADRE DI DIO A MADRE DEGLI UOMINI. ATTENTATO ALLA MATERNITÀ DI MARIA SS.MA. TEORIA DEL MULLER. TEORIA DEL LAURENTIN. SENSO OVVIO DEL TESTO EVANGELICO DI MARCO. TESTO DI S. AGOSTINO. CONCILIO VATICANO II E LA NUOVA TEORIA. | ||
| 501 | _aSocietà San Paolo EM - Piazza San Paolo, 14 - 12051 ALBA (CN) (non commercial uses only) ® Copyright 2017 | ||
| 520 | _aOPUSCOLO ESTRATTO DA PALESTRA DEL CLERO N. XXI, NOVEMBRE 1965. ECUMENISMO FACILE. MADONNA DA MADRE DI DIO A MADRE DEGLI UOMINI. ATTENTATO ALLA MATERNITÀ DI MARIA SS.MA. TEORIA DEL MULLER. TEORIA DEL LAURENTIN. SENSO OVVIO DEL TESTO EVANGELICO DI MARCO. TESTO DI S. AGOSTINO. CONCILIO VATICANO II E LA NUOVA TEORIA. | ||
| 650 | _aANGELI SANTI DEMONI | ||
| 942 | _cCR | ||
| 957 | _71 | ||
| 999 |
_a12317 _bNO _g1 _c320414 _d320414 |
||